| 000 | 01048naa a22002777a 4500 | ||
|---|---|---|---|
| 001 | BR7907869 | ||
| 003 | BR-BrBNA | ||
| 005 | 20240918174516.0 | ||
| 007 | ta | ||
| 008 | 230509b bl.||||| |||| 00| 0 por d | ||
| 040 |
_aBR-BrBNA _bpor _cBiblioteca Nacional de Agricultura |
||
| 041 | _a(Pt) | ||
| 072 |
_aP05 _b/G514 |
||
| 090 | _aP05 BR7907869 | ||
| 100 | 1 | _aMacedo, I.C. | |
| 111 | 1 |
_a2. Congresso Latino-Americano de Energia Solar _cJoao Pessoa, PB (Brazil) _d13 Feb 1978 |
|
| 245 | 1 | _aPotencial de uso da energia solar em aplicacoes termicas abaixo de 200:C no Brasil | |
| 260 | 3 |
_aJoao Pessoa, PB (Brasil): _c1979. |
|
| 500 | _aAtas do 2. Congresso Latino-Americano de Energia Solar Joao Pessoa, PB (Brasil): 1979. v. 2 p. 411-416 (BR7907869-AM)P05 | ||
| 650 | _aENERGIA SOLAR | ||
| 650 | _aENERGIA TERMICA | ||
| 650 | _aCONSUMO | ||
| 773 | 0 |
_tAtas do 2. Congresso Latino-Americano de Energia Solar _wP05 BR7907869 _gJoao Pessoa, PB (Brasil), 1979. v. 2 p. 411-416 |
|
| 909 |
_a202404 _bLucia _c55 _dLucia Elande |
||
| 942 |
_cAM _2AGRIS |
||
| 999 |
_c311671 _d311671 |
||